The story of photography : from its beginings to the present day /

Bibliographic Details
Main Author: Langford, Michael, 1933-
Format: Book
Language:English
Published: London ; New York : Focal Press, 1980.
Edition:1st ed.
Subjects:

MARC

Tag First Indicator Second Indicator Subfields
LEADER 00000cam a2200000 a 4500
001 in00000078219
005 20151008060700.0
008 810814s1980 enka b 00110 eng
010 |a  81125720  
015 |a GB*** 
020 |a 0240510569 
020 |a 0240510445 (pbk.) 
035 |a (OCoLC)07733357 
035 |9 AAJ6327AM 
039 0 |a 2  |b 3  |c 3  |d 3  |e 3 
040 |a DLC  |c DLC  |d TXA  |d UtOrBLW 
049 |a TXAM  |c [1362235] 
050 0 0 |a TR15  |b .L36 
082 0 |a 770/.9  |2 19 
100 1 |a Langford, Michael,  |d 1933- 
245 1 4 |a The story of photography :  |b from its beginings to the present day /  |c Michael Langford. 
250 |a 1st ed. 
264 1 |a London ;  |a New York :  |b Focal Press,  |c 1980. 
300 |a 163 pages :  |b illustrations (some color) ;  |c 25 cm. 
336 |a text  |b txt  |2 rdacontent 
337 |a unmediated  |b n  |2 rdamedia 
338 |a volume  |b nc  |2 rdacarrier 
500 |a Includes index. 
504 |a Bibliography: pages 151-152. 
650 0 |a Photography  |x History. 
999 |a MARS 
999 f f |s 703d0f8c-74fb-3ecc-977b-1c6a2bb2bb27  |i ead89091-1e79-32c7-9703-05b5e8b02fd9  |t 0 
952 f f |p ric  |a Texas A&M University  |b Rellis Campus  |c Joint Library Facility  |d Remote Storage  |t 0  |e TR15 .L36  |h Library of Congress classification  |i unmediated -- volume  |m A14806258006 
998 f f |a TR15 .L36  |t 0  |l Remote Storage